000 01505cai a22002535a 4500
001 L158560
008 120329s2015 xxk f 000 0 eng d
035 _a(Sirsi) u158560
041 0 _aeng
110 2 _aUnited Kingdom
_bCabinet Office
_95270
245 0 0 _aDigital Built Britain
_bLevel 3 Building Information Modelling - strategic plan
_h[electronic resource]
260 _aLondon
_bCO
_c2015
520 _aTakes the next step in integrating BIM technologies, transforming government approaches to infrastructure development and construction and consolidating the UK?s position as a world leader in these sectors. Government wants to make fully computerized construction the norm and ensure that the benefits of these technologies are felt across the UK and support the export of these technologies and the services based on them. To sell the expertise and the cutting edge technologies across the world and seize a share of the $15trillion global construction market forecast by 2025.
590 _aKA NTK
590 _aBIM Level 3
650 2 4 _aBUILDING INFORMATION MODELLING
650 2 4 _aBIM
_96219
651 4 _aUnited Kingdom
_y
690 _aBIM
_96219
710 1 _aUnited Kingdom
_bDepartment for Business, Innovation and Skills
_95760
710 1 _aUniversity College London
_93552
856 4 0 _uhttps://www.gov.uk/government/uploads/system/uploads/attachment_data/file/410096/bis-15-155-digital-built-britain-level-3-strategy.pdf
_zView the draft workflow at www.gov.uk
942 _n0
999 _c115383
_d115383